00177nam a2200073Ia 4500008004100000100001300041245003600054260001300090120527s9999 xx 000 0 und d aPOPOV, E aEngineering mechanics of solids bMacillan